[Event "Crawley e2e4 Gatwick op U1850"]
[Site "Crawley"]
[Date "2016.05.29"]
[Round "5"]
[White "Bovtramovics, Vladimirs"]
[Black "Divilly, Paddy"]
[Result "1-0"]
[WhiteElo "1717"]
[BlackElo "1528"]
[PlyCount "45"]
[EventDate "2016.05.27"]
[EventType "swiss"]
[EventRounds "7"]
[EventCountry "ENG"]
[SourceTitle "EXT 2019"]
[Source "ChessBase"]
[SourceDate "2018.10.10"]
[SourceVersion "1"]
[SourceVersionDate "2018.10.10"]
[SourceQuality "1"]

1. e4 c5 2. Nf3 Nc6 3. Bb5 Qc7 4. c3 Nf6 5. Qe2 d6 6. h3 e6 7. 0-0 Bd7 8. d4 a6 9. Bc4 b5 10. Bb3 Be7 11. Bc2 0-0 12. e5 Nd5 13. Nbd2 f5 14. exf6 Bxf6 15. dxc5 dxc5 16. Ne4 Nd8 17. Nfg5 h6 18. Nh7 Be5 19. Nxf8 Kxf8 20. Nxc5 Bxc3 21. Nxd7+ Ke7 22. bxc3 Kxd7 23. Bb3 1-0

[Event "Sunningdale e2e4 op 04"]
[Site "Ascot"]
[Date "2014.04.21"]
[Round "8"]
[White "Stone, Mark R"]
[Black "Divilly, Paddy"]
[Result "1/2-1/2"]
[WhiteElo "1606"]
[BlackElo "1454"]
[PlyCount "100"]
[EventDate "2014.04.17"]
[EventType "swiss"]
[EventRounds "9"]
[EventCountry "ENG"]
[SourceTitle "CBM 159 Extra"]
[Source "ChessBase"]
[SourceDate "2014.04.24"]
[SourceVersion "1"]
[SourceVersionDate "2014.04.24"]
[SourceQuality "1"]

1. e4 c5 2. Nf3 Nc6 3. Nc3 e6 4. g3 Nf6 5. Bg2 d5 6. exd5 exd5 7. Qe2+ Be7 8. 0-0 0-0 9. d3 Re8 10. Bg5 Bd7 11. Qd2 d4 12. Bxf6 Bxf6 13. Nd5 Be6 14. Nxf6+ Qxf6 15. Rfe1 Bd7 16. Ng5 b6 17. Bd5 Rf8 18. Be4 g6 19. f4 Rae8 20. Re2 Qd8 21. Rae1 Ne7 22. Nf3 Bg4 23. Kf2 Qc7 24. h3 Bxh3 25. Rh1 Bg4 26. f5 Nxf5 27. Bxf5 Rxe2+ 28. Kxe2 Bxf5 29. Kf2 f6 30. Re1 Qd7 31. Qe2 Bg4 32. Qe4 Qf5 33. Qxf5 Bxf5 34. Re7 Rf7 35. Re8+ Kg7 36. Nd2 Bd7 37. Ra8 Bc6 38. Rc8 Bd5 39. a3 Re7 40. c4 Be6 41. Rd8 f5 42. b4 cxb4 43. axb4 Rd7 44. Rxd7+ Bxd7 45. Nf3 Kf6 46. Nxd4 Ke5 47. Nf3+ Kd6 48. Ke3 h6 49. Kd4 g5 50. Ne5 Be8 1/2-1/2

[Event "Sunningdale e2e4 U1800 op 04"]
[Site "Sunningdale"]
[Date "2014.04.19"]
[Round "4"]
[White "Divilly, Paddy"]
[Black "Neil, Graham"]
[Result "0-1"]
[WhiteElo "1514"]
[BlackElo "1630"]
[PlyCount "132"]
[EventDate "2014.04.17"]
[EventType "swiss"]
[EventRounds "7"]
[EventCountry "ENG"]
[SourceTitle "EXT 2015"]
[Source "ChessBase"]
[SourceDate "2014.11.20"]
[SourceVersion "1"]
[SourceVersionDate "2014.11.20"]
[SourceQuality "1"]

1. d4 e6 2. c4 b6 3. e4 Bb7 4. f3 Be7 5. Nc3 d5 6. cxd5 exd5 7. e5 a6 8. f4 Nh6 9. Bd3 Bc8 10. Nf3 c5 11. 0-0 c4 12. Bc2 Be6 13. Be3 Nc6 14. h3 Nf5 15. Bf2 h5 16. Rc1 g6 17. Bb1 0-0 18. Ne2 b5 19. Nh2 Nh6 20. Kh1 Qd7 21. Rg1 Kg7 22. Qf1 Rh8 23. Nf3 a5 24. Ng5 Bxg5 25. fxg5 Nf5 26. Qd1 Rac8 27. h4 Qd8 28. Qd2 Qd7 29. g3 Nfe7 30. Kh2 Bg4 31. Nf4 Nf5 32. Rge1 Rhe8 33. Bc2 a4 34. Bd1 Bxd1 35. Rexd1 Rb8 36. Bg1 b4 37. Qg2 Nfe7 38. Rf1 Nd8 39. Ne2 Ne6 40. Qf3 Nf5 41. Nf4 Nxf4 42. Qxf4 Qe6 43. Bf2 Rbc8 44. Be1 b3 45. a3 Rc7 46. Rf2 Qb6 47. Bc3 Qe6 48. Rcf1 Rd7 49. Rd1 Rc7 50. Rf3 Rd7 51. Be1 Rb7 52. g4 hxg4 53. Qxg4 Nxh4 54. Qxe6 Nxf3+ 55. Kg3 fxe6 56. Kxf3 Rf7+ 57. Kg3 Rh8 58. Bf2 Rf5 59. Be3 Rhf8 60. Kg2 Rf3 61. Re1 R3f7 62. Re2 Rc7 63. Bd2 Rfc8 64. Rf2 Rf7 65. Rxf7+ Kxf7 66. Kf1 c3 0-1

[Event "Sunningdale e2e4 op U1800 05"]
[Site "Sunningdale"]
[Date "2013.05.25"]
[Round "2"]
[White "Divilly, Paddy"]
[Black "Gergelova, Monika"]
[Result "1-0"]
[WhiteElo "1452"]
[BlackElo "1313"]
[PlyCount "100"]
[EventDate "2013.05.25"]
[EventType "swiss"]
[EventRounds "7"]
[EventCountry "ENG"]
[SourceTitle "EXT 2014"]
[Source "ChessBase"]
[SourceDate "2013.11.20"]
[SourceVersion "1"]
[SourceVersionDate "2013.11.20"]
[SourceQuality "1"]

1. d4 d5 2. c4 e6 3. cxd5 exd5 4. Nc3 c6 5. Nf3 Bf5 6. e3 Nf6 7. Qb3 Qb6 8. Qxb6 axb6 9. Be2 Nbd7 10. 0-0 Bd6 11. h3 Ne4 12. Nxe4 Bxe4 13. Bd2 h6 14. Ne1 Nf6 15. Nd3 Bxd3 16. Bxd3 Ne4 17. Be1 g6 18. g3 f5 19. Kg2 Ke7 20. f3 Nf6 21. Bd2 h5 22. a3 Rag8 23. Rh1 h4 24. g4 fxg4 25. hxg4 g5 26. Kh3 Kf7 27. Rae1 Bg3 28. Re2 Re8 29. e4 Bf4 30. Bc3 dxe4 31. fxe4 Re7 32. Rf1 Rhe8 33. e5 Nd5 34. Bc4 Kg7 35. Bxd5 cxd5 36. Rff2 Re6 37. Bd2 Rf8 38. Bb4 Rf7 39. Rc2 Kg6 40. Bd2 Ree7 41. Bxf4 gxf4 42. Rce2 Kg5 43. Rf3 Re6 44. Rc2 Rc6 45. Rcf2 Re6 46. Rb3 Rc6 47. Rb5 f3 48. Rb3 Rf4 49. Rbxf3 Rxg4 50. Rf5+ Kg6 1-0